2025/26 Premier League Goalkeepers - Statistics

General Stats
  • This quiz has been taken 66 times
  • The average score is 16 of 20
Answer Stats
Hint Answer % Correct
Arsenal David Raya
100%
Manchester City Gianluigi Donnarumma
98%
Aston Villa Emiliano Martinez
96%
Liverpool Alisson Becker
91%
Everton Jordan Pickford
91%
Newcastle Nick Pope
91%
Chelsea Robert Sanchez
91%
Tottenham Guglielmo Vicario
88%
Crystal Palace Dean Henderson
84%
Manchester United Senne Lammens
84%
Brighton Bart Verbruggen
80%
Fulham Bernd Leno
77%
Nottingham Forest Matz Sels
77%
West Ham Alphonse Areola
75%
Brentford Caoimhin Kelleher
75%
Sunderland Robin Roefs
64%
Burnley Martin Dubravka
63%
Bournemouth Djordje Petrovic
55%
Wolves Sam Johnstone
54%
Leeds United Lucas Perri
50%
No matching quizzes found
Score Distribution
Percent of People with Each Score
Percentile by Number Answered
Your Score History
You have not taken this quiz